Detalles MARC
| 000 -CABECERA |
| campo de control de longitud fija |
01344nam a22003017a 4500 |
| 003 - IDENTIFICADOR DEL NÚMERO DE CONTROL |
| campo de control |
BPGM |
| 005 - FECHA Y HORA DE LA ÚLTIMA TRANSACCIÓN |
| campo de control |
20260703193745.0 |
| 008 - DATOS DE LONGITUD FIJA--INFORMACIÓN GENERAL |
| campo de control de longitud fija |
260627e2004 mx ab||gr||||s001 0 spa d |
| 020 ## - NÚMERO INTERNACIONAL ESTÁNDAR DEL LIBRO |
| Número Internacional Estándar del Libro |
970-91457-5x |
| 040 ## - FUENTE DE LA CATALOGACIÓN |
| Centro catalogador/agencia de origen |
BPGM |
| Lengua de catalogación |
spa |
| 041 ## - CÓDIGO DE LENGUA |
| Código de lengua del texto/banda sonora o título independiente |
spa |
| Código de lengua original |
spa |
| 084 ## - OTRO NÚMERO DE CLASIFICACIÓN |
| Número de clasificación |
724.5 / |
| Número de documento/Ítem |
M67 |
| 100 ## - ENTRADA PRINCIPAL--NOMBRE DE PERSONA |
| Nombre de persona |
MORENO NEGRETE, SARBELIO |
| 245 ## - MENCIÓN DE TÍTULO |
| Título |
ESPLENDOR DE LA ARQUITECTURA NOVOHISPANA |
| Resto del título |
LOS AGUSTINOS EN QUERETARO, MEXICO D.F. Y LOS ESTADOS DE HIDALGO, MICHOACAN, MEXICO, GUANAJUATO Y SAN LUIS POTOSI |
| 260 ## - PUBLICACIÓN, DISTRIBUCIÓN, ETC. |
| Lugar de publicación, distribución, etc. |
QUERÉTARO; |
| Nombre del editor, distribuidor, etc. |
DESARROLLOS RESIDENCIALES TURISTICO, |
| Fecha de publicación, distribución, etc. |
2004. |
| 300 ## - DESCRIPCIÓN FÍSICA |
| Extensión |
255 paginas; |
| Dimensiones |
27.5 cm x 29.2 cm. |
| 336 ## - TIPO DE CONTENIDO |
| Fuente |
rdacontent |
| Término de tipo de contenido |
texto |
| Código de tipo de contenido |
txt |
| 337 ## - TIPO DE MEDIO |
| Fuente |
rdamedia |
| Nombre/término del tipo de medio |
sin mediación |
| Código del tipo de medio |
n |
| 338 ## - TIPO DE SOPORTE |
| Fuente |
rdacarrier |
| Nombre/término del tipo de soporte |
volumen |
| Código del tipo de soporte |
nc |
| 490 0# - MENCIÓN DE SERIE |
| Mención de serie |
TEMPLOS Y CONVENTOS TOMO lll |
| Designación de volumen o secuencia |
V.3 |
| 505 ## - NOTA DE CONTENIDO CON FORMATO |
| Nota de contenido con formato |
El Tomo III de “Esplendor de la Arquitectura Novohispana” de Sarbelio Moreno Negrete se centra en los templos y conventos dominicos de varios estados de México, ofreciendo un recorrido histórico, artístico y cultural por la riqueza arquitectónica virreinal. |
| 650 ## - PUNTO DE ACCESO ADICIONAL DE MATERIA--TÉRMINO DE MATERIA |
| Fuente del encabezamiento o término |
LAS ARTES BELLAS ARQUITECTURA Y ARTES DECORATIVAS |
| 650 ## - PUNTO DE ACCESO ADICIONAL DE MATERIA--TÉRMINO DE MATERIA |
| Fuente del encabezamiento o término |
LAS ARTES BELLAS ARTES Y ARTES DECORATIVAS |
| 650 ## - PUNTO DE ACCESO ADICIONAL DE MATERIA--TÉRMINO DE MATERIA |
| Fuente del encabezamiento o término |
ARQUITECTURA |
| 700 ## - PUNTO DE ACCESO ADICIONAL--NOMBRE DE PERSONA |
| Nombre de persona |
MORENO NEGRETE ARTURO |
| Término indicativo de función/relación |
ILUSTRADOR |
| 700 ## - PUNTO DE ACCESO ADICIONAL--NOMBRE DE PERSONA |
| Nombre de persona |
RIVERO LARREA MARIANGEL |
| Término indicativo de función/relación |
ILUSTRADOR |
| 942 ## - ELEMENTOS DE PUNTO DE ACCESO ADICIONAL (KOHA) |
| Fuente del sistema de clasificación o colocación |
Dewey Decimal Classification |
| Tipo de ítem Koha |
Colección Querétaro |